Vista normal
Vista MARC
Entrada Personal Name
Número de registros utilizados en: 1
001 - CONTROL NUMBER
- control field: 9392
003 - CONTROL NUMBER IDENTIFIER
- control field: DLC
005 - DATE AND TIME OF LATEST TRANSACTION
- control field: 20230606155003.0
008 - FIXED-LENGTH DATA ELEMENTS
- fixed length control field: 101201n| acannaabn |n aaa
010 ## - LIBRARY OF CONGRESS CONTROL NUMBER
- LC control number: n 2010077637
040 ## - CATALOGING SOURCE
- Original cataloging agency: DLC
- Language of cataloging: spa
- Transcribing agency: Mx-PuUPA
- Modifying agency: Mx-PuUPA
- Description conventions: rda
046 ## - SPECIAL CODED DATES
- Birth date: 1975
100 1# - HEADING--PERSONAL NAME
- Personal name: Miller, Tom,
- Dates associated with a name: 1975-
372 ## - FIELD OF ACTIVITY
- Field of activity: Sistemas multimedia
374 ## - OCCUPATION
- Occupation: Autor
375 ## - GENDER
- Gender: hombre
377 ## - ASSOCIATED LANGUAGE
- Language code: eng
670 ## - SOURCE DATA FOUND
- Source citation: XNA Game studio 4.0 programming, c2011:
- Information found: ECIP t.p. (Tom Miller) pub. info. (b. Aug. 20, 1975; with Microsoft for a decade; works for Microsoft Game Studios)
670 ## - SOURCE DATA FOUND
- Source citation: Managed DirectX 9: Graphics and game programming, 2004:
- Information found: portada (Tom Miller)
670 ## - SOURCE DATA FOUND
- Source citation: Biblioteca del congreso (Estados Unidos), 23 mayo 2019:
- Information found: catálogo electrónico
- Uniform Resource Identifier: https://authorities.loc.gov/cgi-bin/Pwebrecon.cgi?AuthRecID=8488526&v1=1&HC=1&SEQ=20190523132056&PID=oxyi2jthmmS3ofOzeONg9_q6Kc-